| 000 | 00778nam a2200229 a 4500 | ||
|---|---|---|---|
| 001 | 49043 | ||
| 003 | BD-RjUL | ||
| 005 | 20211209054627.0 | ||
| 008 | 160817s1969 bg ||||| |||| 00| 0 ben d | ||
| 020 | _c: Tk.3.50 | ||
| 035 | _a(BD-RjUL)49162 | ||
| 040 |
_aBD-RjUL _bben _cBD-RjUL _dBD-RjUL |
||
| 041 | _aben | ||
| 082 |
_223 _a891.441 _bSHA 1969 |
||
| 100 |
_aশাহাবুদ্দীন, ফজল _9147572 |
||
| 245 | 1 | 0 |
_aআকাংখিত অসুন্দর / _cফজল শাহাবুদ্দীন |
| 260 |
_aঢাকা : _bমাওলা ব্রাদার্স, _c১৯৬৯ |
||
| 300 |
_a৮০ পৃ. ; _c২১ সেমি. |
||
| 650 |
_aবাংলা কবিতা _9147573 |
||
| 650 |
_aBengali poetry _9147574 |
||
| 942 |
_2ddc _cBK |
||
| 999 |
_c49043 _d49043 |
||